Thiết kế khung xương cho hoạt cảnh nhân vật
Hỗ trợ bạn thực hiện một bộ phim hoạt hình 3D cơ bản với sự hỗ trợ của 3ds max.
Đã lưu trong:
| 主要作者: | |
|---|---|
| 格式: | 圖書 |
| 語言: | Vietnamese |
| 出版: |
H.
Phương đông
2007
|
| 主題: | |
| 標簽: |
添加標簽
沒有標簽, 成為第一個標記此記錄!
|
| Thư viện lưu trữ: | Thư viện Trường Đại học Nam Cần Thơ |
|---|
| LEADER | 01051nam a22002057a 4500 | ||
|---|---|---|---|
| 001 | NCT_45575 | ||
| 008 | 180707b xxu||||| |||| 00| 0 vie d | ||
| 999 | |c 2179 |d 2179 | ||
| 020 | |c 89000 | ||
| 082 | 0 | 4 | |2 23rd ed. |a 005.68 |b H513 |
| 100 | 1 | |a Nguyễn Văn Hùng |e Chủ biên | |
| 245 | 1 | 0 | |a Thiết kế khung xương cho hoạt cảnh nhân vật |c Nguyễn Văn Hùng (chủ biên) |
| 260 | |a H. |b Phương đông |c 2007 | ||
| 300 | |a 407 tr. |c 24cm |b Minh họa | ||
| 520 | 3 | |a Hỗ trợ bạn thực hiện một bộ phim hoạt hình 3D cơ bản với sự hỗ trợ của 3ds max. | |
| 653 | |a Công nghệ thông tin | ||
| 942 | |2 ddc |c BK | ||
| 952 | |0 0 |1 0 |2 ddc |4 0 |6 005_680000000000000_H513 |7 0 |9 12498 |a 000001 |b 000001 |d 2018-07-07 |o 005.68 H513 |p MD.02515 |r 2018-07-07 |v 98000.00 |w 2018-07-07 |y BK | ||
| 952 | |0 0 |1 0 |2 ddc |4 0 |6 005_680000000000000_H513 |7 0 |9 12499 |a 000001 |b 000001 |d 2018-07-07 |o 005.68 H513 |p MD.02516 |r 2018-07-07 |v 98000.00 |w 2018-07-07 |y BK | ||
| 980 | |a Thư viện Trường Đại học Nam Cần Thơ | ||